000 00663nam a22001697a 4500
008 110409t xxu||||| |||| 00| 0 eng d
082 _222
_a342.02 SAF
100 _aKakooza, Joseph M.N
_9487
245 _aSafeguards for the New Constitution
_cEditor, Joseph M.N Kakooza
260 _aKampala :
_bFoundation for African Development,
_c1991.
300 _axlviii,414p. :
_c22cm
440 _aAfrican Develoment Series;
_nno. 6.
_9488
500 _aincludes Appendix
650 _aConstitution
_bKampala
_9489
942 _2ddc
_cBK
999 _c170
_d170